La invención de la tradición / (Record no. 42566)

MARC details
000 -LEADER
campo de control de longitud fija 00770nam a2200253 i 4500
001 - NÚMERO DE CONTROL
campo de control 42566
003 - IDENTIFICADOR DE NÚMERO DE CONTROL
campo de control ES-MaACL
005 - FECHA Y HORA DE LA ÚLTIMA TRANSACCIÓN
campo de control 20250826063131.0
007 - CAMPO FIJO DE DESCRIPCIÓN FÍSICA--INFORMACIÓN GENERAL
campo de control de longitud fija t|
008 - DATOS DE LONGITUD FIJA--INFORMACIÓN GENERAL
campo de control de longitud fija 030407s2002 sp ||||1| spa d
020 ## - NÚMERO INTERNACIONAL ESTÁNDAR DEL LIBRO
Número Internacional Estándar del Libro 84-8432-350-1
080 ## - NÚMERO DE LA CLASIFICACIÓN DECIMAL UNIVERSAL
Número de la Clasificación Decimal Universal 398(091)
245 03 - MENCIÓN DEL TÍTULO
Título La invención de la tradición /
Mención de responsabilidad, etc. Eric Hobsbawm y Terence Ranger (eds.).
260 ## - PUBLICACIÓN, DISTRIBUCIÓN, ETC.
Lugar de publicación, distribución, etc. Barcelona :
Nombre del editor, distribuidor, etc. Crítica,
Fecha de publicación, distribución, etc. [2002]
300 ## - DESCRIPCIÓN FÍSICA
Extensión 318 p. ;
Dimensiones 23 cm.
490 1# - MENCIÓN DE SERIE
Mención de serie Libros de historia (Crítica)
RLIN 242037
650 14 - PUNTO DE ACCESO ADICIONAL DE MATERIA--TÉRMINO DE MATERIA
Término de materia o nombre geográfico como elemento de entrada Folklore-
Subdivisión general Historia.
9 (RLIN) 12916
700 1# - ENTRADA AGREGADA--NOMBRE PERSONAL
Nombre de persona Hobsbawm, E. J. (
Fechas asociadas al nombre 1917-2012)
9 (RLIN) 63862
700 1# - ENTRADA AGREGADA--NOMBRE PERSONAL
Nombre de persona Ranger, Terence.
9 (RLIN) 95421
830 #0 - PUNTO DE ACCESO ADICIONAL DE SERIE-TÍTULO UNIFORME
Título uniforme Libros de historia (Crítica)
9 (RLIN) 242037
852 ## - LOCALIZACIÓN
Ubicación ES-MaACL
Número de control de estantería L-26140
Sublocalización o colección R.131750
942 ## - ELEMENTOS DE ENTRADA SECUNDARIOS (KOHA)
Fuente del sistema de clasificación o colocación Clasificación decimal universal
Holdings
Estatus retirado Estado de pérdida Estado de daño No para préstamo Biblioteca de origen Biblioteca actual Ubicación en estantería Fecha de adquisición Fuente de adquisición Total de préstamos Signatura topográfica completa Código de barras Visto por última vez Precio de reemplazo Tipo de ítem Koha
        Biblioteca del Ateneo de Madrid Biblioteca del Ateneo de Madrid Depósito 2 17/01/2008     L-26140 1044809 23/02/2023 23/02/2023 Libro impreso